000
00239nam a2200097Ia 4500
008
230508s2012 xx 000 0 und d
041
_a
eng
100
_a
NAGPAL.G.R.
245
_a
MACHINE TOOL ENGINEERING
260
_b
KHANNA PUBLISHERS
_c
2012
999
_c
340344
_d
340344